COSTS AND ROI EVALUATING AT THE ULTIMATE (Record no. 15411)

MARC details
000 -LEADER
fixed length control field 00310nam a2200121Ia 4500
008 - FIXED-LENGTH DATA ELEMENTS--GENERAL INFORMATION
fixed length control field 240624s9999 xx 000 0 und d
041 ## - LANGUAGE CODE
Language code of text/sound track or separate title eng
082 ## - DEWEY DECIMAL CLASSIFICATION NUMBER
Classification number 658.3 PHI
100 ## - MAIN ENTRY--PERSONAL NAME
Personal name PHILLIPS JACK J
245 ## - TITLE STATEMENT
Title COSTS AND ROI EVALUATING AT THE ULTIMATE
260 ## - PUBLICATION, DISTRIBUTION, ETC.
Date of publication, distribution, etc. 2008
Place of publication, distribution, etc. San Francisco
Name of publisher, distributor, etc. Pfeiffer
365 ## - TRADE PRICE
Currency code
Price amount 27
Holdings
Withdrawn status Lost status Damaged status Not for loan Home library Current library Shelving location Date acquired Source of acquisition Cost, normal purchase price Full call number Barcode Date last seen Copy number Price effective from Koha item type
        IMTN IMTN Rack 23-B 08/23/2010 BWE 36.95 658.3 PHI 15411 06/24/2024 49.4 06/24/2024 Books
Designed & Maintained by: LRC IMT Nagpur Contact: lrc@imtnag.ac.in© 2024. All Rights Reserved.